[Event "Chess Super League 2021"]
[Site "Online"]
[Date "2021.10.12"]
[Round "2.3"]
[White "Nakamura, Hikaru"]
[Black "Radjabov, Teimour"]
[Result "0-1"]
[WhiteElo "2736"]
[BlackElo "2763"]
[Annotator "TA"]
[PlyCount "110"]
[EventDate "2021.10.11"]
[EventType "team-tourn"]
[EventCountry "NET"]
[SourceTitle "playchess.com"]
[Source "ChessBase"]
[SourceQuality "1"]

{[%evp 9,110,0,20,-11,-11,-10,0,0,10,15,0,-14,10,8,2,0,20,0,8,4,7,6,4,8,8,-37,-22,-45,-33,-40,-46,-32,-25,-40,-37,-84,-76,-125,-92,-108,-111,-110,-117,-114,-118,-120,-120,-129,-123,-127,-129,-130,-134,-115,-96,-263,-264,-378,-378,-370,-354,-331,-244,-239,-229,-322,-344,-337,-343,-350,-350,-332,-355,-344,-209,-202,-182,-182,-182,-197,-197,-396,-391,-456,-454,-439,-431,-727,-641,-1043,-784,-1378,-672,-1565,-1420,-2073,-1939,-7594,-5528,-29981,-29982,-29982,-29983]} 1. d4 Nf6 2. Bg5 d5 3. Nd2 c6 4. e3 Bf5 (4... Bg4 5. f3 Bf5 6. c4 Nbd7 7. cxd5 cxd5 8. Qb3 Qb6 9. Bb5 a6 10. Bxd7+ Nxd7 11. Rc1 e6 12. e4 Bg6 13. exd5 Qxb3 14. Nxb3 exd5 {1-0 (44) Nakamura,H (2760)-Radjabov,T (2793) Beijing 2012}) 5. c4 e6 6. Ne2 {D00: 1 d4 d5: Unusual lines.} Nbd7 7. Nc3 Be7 8. Be2 {[#] The position is equal.} a6 $146 ({Predecessor:} 8... O-O 9. O-O Re8 10. a3 a5 11. Rc1 Nb6 12. Qb3 dxc4 13. Nxc4 Nxc4 14. Bxc4 Ne4 15. Nxe4 Bxe4 {1-0 (70) Sichinava,Z (2317)-Reznik,V (2105) St Petersburg 2013}) 9. O-O O-O 10. Rc1 Rc8 11. c5 e5 12. b4 Re8 13. Nb3 Ne4 14. Bxe7 Qxe7 15. Nxe4 Bxe4 16. Bg4 Qg5 17. Nd2 Rcd8 18. Nxe4 dxe4 19. Rc4 f5 20. Bh3 Nf6 21. Qb3 Kh8 {...exd4 is the strong threat.} 22. dxe5 Rxe5 23. a4 Red5 24. b5 axb5 25. axb5 Nd7 {[%cal Bf6d7,Bd7c5,Bc5d3][%mdl 32]} 26. bxc6 bxc6 27. Rd4 Nxc5 28. Qc4 Rxd4 29. exd4 Nd3 30. Qe6 Rf8 $1 31. Qxc6 e3 32. Qf3 {Now White is beyond hope.} (32. Qd6 $17 Rd8 33. Qe6 exf2+ 34. Kh1) 32... Nxf2 $19 (32... exf2+ 33. Kh1 $15) 33. Re1 (33. Bxf5 $142 g6 34. Re1) 33... f4 34. Be6 {And now Rxe3! would win.} Qa5 {[%cal Ra5e1]} 35. Rb1 {intending Qxf4!} Qa7 36. Qd5 Qc7 37. Bf5 (37. Qe5 $142 Qxe5 38. dxe5) 37... g6 38. Be6 Rd8 39. Qc5 Qd6 40. Qxd6 Rxd6 {[%mdl 4096] Endgame KRB-KRN} 41. d5 Nd3 42. Kf1 Nc5 43. Rb4 {[#]} g5 ({Worse is} 43... Nxe6 44. dxe6 f3 45. gxf3 $11) 44. h4 {[#]} h6 ({Inferior is} 44... Nxe6 45. dxe6 Rxe6 46. hxg5 $11) ({And not} 44... gxh4 45. Ke2 $11) 45. Bg4 $2 (45. hxg5 {keeps fighting.} hxg5 46. Rc4 Nxe6 47. dxe6 Rxe6 48. Rc5) 45... Rxd5 46. hxg5 hxg5 47. Rb5 Kg7 48. g3 (48. Bf3 $142 Re5 49. Bg4) 48... Kf6 49. Bf3 Re5 50. gxf4 gxf4 51. Rb4 Ne6 52. Rb8 Ra5 53. Bg4 Nd4 54. Rf8+ Kg5 55. Rg8+ Kh4 {Weighted Error Value: White=0.87/Black=0.13} 0-1

[Event "Chess Super League 2021"]
[Site "Online"]
[Date "2021.10.12"]
[Round "2.3"]
[White "Karthikeyan, Murali"]
[Black "Sasikiran, Krishnan"]
[Result "1-0"]
[WhiteElo "2630"]
[BlackElo "2640"]
[Annotator "TA"]
[PlyCount "53"]
[EventDate "2021.10.11"]
[EventType "team-tourn"]
[EventCountry "NET"]
[SourceTitle "playchess.com"]
[Source "ChessBase"]
[SourceQuality "1"]

{[%evp 10,53,36,16,19,0,13,7,20,6,29,8,20,0,2,0,0,0,2,0,0,0,6,2,6,9,7,4,12,14,20,0,11,0,0,0,0,0,0,0,0,3,495,513,1473,1425]} 1. e4 c6 2. Nc3 d5 3. d4 dxe4 4. Nxe4 Nf6 5. Nxf6+ exf6 6. Bc4 Na6 {B15: Caro-Kann: 3 Nc3: 3...g6 and 3...dxe4 4 Nxe4 Nf6 5 Nxf6+ exf6.} 7. Nf3 Nc7 8. O-O Be7 {The position is equal.} 9. h3 O-O 10. Re1 {[#]} a5 $146 ({Predecessor:} 10... Nd5 11. c3 Be6 12. Bd3 Re8 13. Qc2 g6 14. Bd2 Bd6 15. Re4 b5 16. Rae1 Qd7 {0-1 (43) Lagno,K (2546)-Wagh,S (2246) Chess.com INT 2020}) 11. a4 Bd6 12. c3 Re8 13. Rxe8+ Qxe8 14. Qc2 (14. Bd3 {is interesting.} Nd5 15. Nd2 Bc7 16. Ne4 f5 17. Ng5) 14... Be6 15. Bxe6 Qxe6 16. Bd2 g6 17. c4 Qd7 18. Bc3 Ne6 19. Re1 Nf4 20. Re3 Bc7 21. Nd2 f5 22. Nf3 b5 23. b3 b4 24. Ba1 Re8 25. d5 {[#] Qb2 is the strong threat.} cxd5 $2 {[%mdl 8192]} (25... Rxe3 $1 $11 {and Black has nothing to worry.} 26. fxe3 Nh5) 26. Qb2 $18 {[%csl Ga1][%cal Rb2h8]} d4 (26... f6 $142 27. Qxf6 d4 28. Bxd4 (28. Rxe8+ Qxe8 29. Bxd4 Ne2+ 30. Kf1 Nxd4 $16) 28... Rxe3 29. Qh8+ {[%mdl 64] Zwischenzug} (29. fxe3 Ne2+ 30. Kf1 Nxd4 $18) 29... Kf7 30. Ng5+ (30. Bxe3 Qd1+ {[%mdl 64] Double Attack} 31. Kh2 Ne6+ 32. Ne5+ Bxe5+ 33. Qxe5 Qxb3 $11 {[%mdl 64] Double Attack}) 30... Ke7 31. Bc5+ (31. Bxe3 $2 {gets mated.} Ne2+ 32. Kh1 Qd1#) 31... Bd6 32. Bxe3 Qc6 33. Qxh7+ Kd8 34. Nf7+ Ke8 35. Nxd6+ Qxd6) 27. Qxd4 {[%csl Ga1][%cal Rd4h8] Weighted Error Value: White=0.06/Black=0.40} 1-0

[Event "Chess Super League 2021"]
[Site "Online"]
[Date "2021.10.12"]
[Round "2.3"]
[White "Aryan Chopra"]
[Black "Raja Harshit"]
[Result "1/2-1/2"]
[WhiteElo "2585"]
[BlackElo "2494"]
[Annotator "TA"]
[PlyCount "211"]
[EventDate "2021.10.11"]
[EventType "team-tourn"]
[EventCountry "NET"]
[SourceTitle "playchess.com"]
[Source "ChessBase"]
[SourceQuality "1"]

{[%evp 14,211,31,20,23,36,30,17,35,2,34,25,33,31,57,46,52,0,8,8,16,0,22,18,18,14,23,17,40,35,27,51,57,63,72,34,16,0,0,0,0,0,20,20,89,80,168,169,166,166,167,166,183,106,100,89,136,134,168,156,185,64,212,89,105,25,39,22,12,10,50,8,10,2,2,8,8,8,12,8,20,28,387,8,8,8,8,8,8,8,8,8,8,8,39,39,59,59,59,59,59,59,59,59,59,52,66,66,66,66,66,66,66,66,66,66,66,66,66,52,52,52,59,52,52,52,59,52,52,0,0,0,0,0,0,0,0,0,0,0,0,0,0,0,0,0,8,0,0,0,0,0,0,0,0,0,0,0,0,0,0,0,0,0,0,0,0,0,0,0,0,0,0,0,0,0,0,0,0,0,0,0,0,0,0,0,0,0,0,0,0,0,0,0,0,0,0,0,0,0]} 1. Nf3 d5 2. g3 Nf6 3. Bg2 g6 4. c4 c6 5. b3 Bg7 6. Bb2 O-O 7. O-O a5 8. Nc3 $1 {[%mdl 4] is now more promising than 8.d3.} Na6 {A11: English Opening: 1...c6.} 9. d4 dxc4 10. bxc4 Be6 {[#]} 11. Ne5 $146 ({Predecessor:} 11. c5 Nb4 12. Ne5 Ng4 13. Nxg4 Bxg4 14. Na4 Nd5 15. h3 Be6 16. e4 Nc7 17. Nb6 {0-1 (54) Wohlfahrt,H (2285)-Platzgummer,F (2336) Playchess.com INT 2020}) 11... Nd7 12. Nxd7 Qxd7 13. d5 Bh3 14. Bxh3 Qxh3 15. Qb3 (15. Rb1 $14) 15... Nc5 {[%cal Ba6c5,Bc5d7,Bd7f6,Bf6e4][%mdl 32]} 16. Qa3 Nd7 17. Nd1 {[%cal Bc3d1,Bd1e3,Be3c4,Bc4b6][%mdl 32]} Bxb2 18. Qxb2 Nf6 {( -> ...Ng4)} 19. Ne3 Qd7 (19... cxd5 {with more complications.} 20. cxd5 Qd7 21. Rfc1 Rfb8 22. Qe5 Ne8) 20. Rfd1 Rfd8 21. Rab1 cxd5 22. cxd5 Ne4 23. Nc4 ({And not} 23. Qxb7 Nc3 $17) 23... Rac8 24. Nb6 {[%mdl 64] Double Attack} (24. Qd4 $5 {[%cal Rd4e4]} b5 25. Nb6 $14) 24... Qf5 25. Rf1 $36 {[%mdl 2048] f3 is the strong threat. White is pushing.} Rc7 26. Rbc1 $1 {[%cal Rc1c7]} Rxc1 27. Qxc1 Qe5 28. Qe3 f6 (28... Qb2 $11 {keeps the balance.}) 29. Rc1 $16 Kg7 (29... Qg5 $16) 30. f3 $18 Nd6 31. Qxe5 fxe5 {[%mdl 4096] Endgame KRN-KRN} 32. Rc7 Kf7 33. a4 (33. e4 $18) 33... e4 $16 34. f4 h5 35. Kf2 Rh8 36. Rc5 Kf6 {[#]} 37. Rxa5 ({Better is} 37. h4 $1 $18) 37... Kf5 {[#]} (37... g5 $1 $14) 38. Rc5 (38. h4 $1 $18 {and the rest is easy.}) 38... h4 39. Rc7 (39. Kg2 $16) 39... hxg3+ $11 40. hxg3 (40. Kxg3 $5 {[%cal Rc7e7]} g5 41. fxg5 $16 (41. Rxe7 gxf4+ 42. Kg2 Rg8+ 43. Kf1 Rh8 $11)) 40... Rh2+ 41. Ke3 Kg4 $1 42. Nc4 (42. Kd2 $5 {[%cal Rc7e7]} Kxg3 43. Rxe7 Kxf4 44. Re6 $14) 42... Nf5+ 43. Kxe4 {Threatens to win with Ne3+.} Rxe2+ 44. Kd3 Ra2 45. a5 Kxg3 46. Rxb7 {Hoping for Kc3.} Kxf4 47. Rb4 g5 $2 {[%mdl 8192]} (47... Ra1 $11) 48. d6 $2 (48. Ne3+ $1 $18 Ke5 49. Re4+ Kf6 50. Re6+ Kf7 51. Nxf5 Rxa5 52. Ke4) 48... exd6 49. Ne3+ Kf3 50. Nxf5 {Strongly threatening Nd4+. KRN-KR} Ra3+ 51. Kd4 {Black must now prevent Rb5.} (51. Kd2 {is interesting.} Ra2+ 52. Kc3 Rxa5 53. Nd4+ Kg3 54. Nc2) 51... Rxa5 52. Nxd6 (52. Rb3+ {is interesting.} Kf4 53. Ne3 Ra4+ 54. Kd5 Ra2 55. Kc4) 52... g4 53. Nc4 Ra8 54. Ne5+ Kf4 55. Kd5+ $1 Kf5 56. Nxg4 Rd8+ 57. Kc6 Rc8+ 58. Kd7 Rc3 59. Ke7 (59. Rd4 {with more complications.} Rg3 60. Nf2 Ke5 61. Rd6 Rc3 62. Ng4+) 59... Rc7+ 60. Kd6 Rc3 61. Ne5 Ra3 62. Nc6 Rd3+ 63. Kc5 Rd1 64. Rb8 Kf6 65. Rf8+ Ke6 66. Nd4+ Ke7 67. Rh8 (67. Rf4 {is more complex.} Kd7 68. Rf7+ Kc8 69. Rg7 Kd8 70. Nb5) 67... Rc1+ 68. Kd5 Rd1 69. Rh6 (69. Rg8 {looks sharper.} Kd7 70. Rg7+ Kd8 71. Kc5 Rf1 72. Nc6+) 69... Kf7 70. Ra6 Ke7 71. Ke5 ({White should play} 71. Ra7+ $14 Kf6 72. Ke4) 71... Re1+ {The position is equal.} 72. Kf5 Rf1+ (72... Kd7 {with more complications.} 73. Ra8 Rf1+ 74. Kg4 Re1 75. Kf5) 73. Ke4 Re1+ 74. Kd3 Rd1+ (74... Rh1 {feels hotter.} 75. Ra8 Kd7 76. Ke4 Kc7 77. Rf8 Rh4+) 75. Ke3 Re1+ 76. Kd2 Rh1 77. Re6+ (77. Nc2 {looks sharper.} Rh2+ 78. Kc1 Rh1+ 79. Kb2 Kd7 80. Na1) 77... Kd7 78. Re4 (78. Kc2 {keeps more tension.} Rh2+ 79. Kd3 Rh3+ 80. Kc2 Rh2+) 78... Rh3 79. Ke2 Kd6 (79... Rh1 {is interesting.} 80. Rf4 Kc7 81. Nb5+ Kb6 82. Na3 Kc5) 80. Nf3 Kd5 81. Ke3 Rh6 82. Re5+ Kd6 83. Ra5 {And now Ra6+ would win.} Rh1 84. Ke4 Rd1 85. Ra8 {Intending Rd8+ and mate.} Kc7 86. Ne5 (86. Ke3 {is interesting.} Kb7 87. Rf8 Kc7 88. Rf6 Ra1 89. Kd4) 86... Kb7 (86... Rb1 {seems wilder.} 87. Nd3 Rf1 88. Kd5 Rh1 89. Ke4 Rh4+) 87. Rh8 Kc7 (87... Ra1 {seems wilder.} 88. Rh6 Re1+ 89. Kf5 Rb1 90. Nf7 Re1) 88. Rh6 Re1+ 89. Kf5 Rf1+ 90. Ke6 Re1 91. Rh2 Rc1 92. Rd2 Rh1 93. Rc2+ Kb6 94. Nc4+ Kc5 95. Ne5+ Kb4 96. Kd5 Rd1+ 97. Ke4 Kb5 98. Nf3 Kb6 99. Nd4 Rh1 100. Rc6+ Kb7 101. Kd5 Rh5+ 102. Kc4 Rh1 103. Rf6 Rc1+ 104. Kd5 Rd1 105. Rf2 Kc7 106. Rh2 {Weighted Error Value: White=0.25/Black=0.28} 1/2-1/2

[Event "Chess Super League 2021"]
[Site "Online"]
[Date "2021.10.12"]
[Round "2.3"]
[White "Harika, Dronavalli"]
[Black "Muzychuk, Mariya"]
[Result "1/2-1/2"]
[WhiteElo "2511"]
[BlackElo "2536"]
[Annotator "TA"]
[PlyCount "154"]
[EventDate "2021.10.11"]
[EventType "team-tourn"]
[EventCountry "NET"]
[SourceTitle "playchess.com"]
[Source "ChessBase"]
[SourceQuality "1"]

{[%evp 25,154,41,41,41,61,33,57,61,83,87,106,61,72,0,82,69,107,83,141,137,144,127,129,131,130,124,422,421,422,422,422,421,734,582,535,371,359,130,688,619,689,481,517,474,536,268,474,225,1065,1036,1019,852,828,816,712,577,506,136,110,145,154,145,152,28,113,37,37,19,45,0,0,0,53,0,66,41,69,0,0,0,12846,12847,12847,0,0,0,0,0,12850,0,0,0,0,0,0,0,0,0,-28000,-28000,-28000,-28000,-28000,-28000,-28000,-28000,-28000,-28000,-28000,-28000,-28000,-28000,-28000,-28000,-28000,-28000,27999,27999,27999,27999,27991,27999,27992,27992,27993,27991,27992,27990,27991,-28000,-28000]} 1. d4 Nf6 2. c4 c5 3. d5 b5 4. cxb5 a6 5. bxa6 g6 6. Nc3 Bxa6 7. g3 d6 8. Bg2 Bg7 9. Nf3 O-O 10. O-O Nbd7 11. Rb1 Ng4 12. Qc2 Nge5 13. Nxe5 Nxe5 14. b3 {A58: Benko/Volga Gambit: Lines with 5 bxa6.} Qa5 15. Bd2 Rfb8 16. a4 {White is slightly better.} Qc7 17. Rfe1 Rb7 18. Na2 {[%cal Bc3a2,Ba2b4,Bb4c6][%mdl 32]} Rab8 19. h3 ({White should try} 19. Bc3 $16) 19... Qb6 {[#]} (19... Qc8 $11 {keeps the balance.}) 20. Bc3 $146 ({Predecessor:} 20. Kh2 Rc7 21. f4 Nd7 22. Bc3 Bxc3 23. Qxc3 Rbc8 24. e4 Bb7 25. Ra1 h5 26. e5 {1-0 (48) Piot,O (2212)-San Marco,J (2111) Issy les Moulineaux 2003}) 20... Qa7 21. b4 {Black must now prevent b5.} cxb4 ({Better is} 21... Bc4) 22. Nxb4 Rc8 23. Nc6 Rxb1 24. Rxb1 (24. Nxa7 $2 {is the wrong capture.} Rxe1+ 25. Bf1 Nf3+ $1 {[%mdl 512]} 26. Kg2 Rxc3 $19) 24... Nxc6 25. dxc6 Bxc3 {[%mdl 8192]} (25... Qc5 $16 {was called for.}) 26. Qxc3 $18 Bxe2 27. Rb7 Qxa4 28. Rxe7 Qc4 (28... Ba6 $142 29. Qf6 Qa2) 29. Qe3 Bd3 30. g4 Kg7 31. Qf3 $2 (31. c7 $18) 31... Bb1 $2 {[%mdl 8192]} (31... Qc1+ $16 32. Kh2 Bc4) 32. Qd1 Ba2 33. Qxd6 Qc1+ 34. Kh2 Qc3 35. f4 Qb2 $2 (35... Qf6 {was necessary.} 36. Qb4 Bc4) 36. Rb7 (36. g5 $142) 36... Qf2 $2 (36... Qf6 37. Qd2 Be6) 37. Qe5+ Kg8 38. Rb2 Qa7 39. f5 Bc4 40. Rb7 Qf2 41. Rb8 $2 (41. f6 $18 h6 42. c7) 41... Rxb8 $16 42. Qxb8+ Kg7 43. Qe5+ f6 44. Qg3 (44. Qe7+ $16 Kh6 45. Qf8+ (45. Qxf6 Qf4+ 46. Kh1 Qc1+ 47. Kh2 Qf4+ 48. Kh1 Qc1+ 49. Kh2 Qf4+ $11) 45... Kg5 46. Qd6) 44... Qc5 (44... Qd4 $11) 45. fxg6 (45. h4 $16) 45... hxg6 $14 46. Qc3 Qd6+ 47. Kh1 (47. Kg1 $5 {[%cal Rc3c4]} Ba6 48. g5 $16) 47... Qd1+ 48. Kh2 Qd6+ 49. Qg3 (49. Kg1 $5 {[%cal Rc3c4]} Ba6 50. g5 $16) 49... Qc5 50. h4 Be6 51. g5 (51. Qc7+ $14 Kf8 52. Qf4) 51... fxg5 $11 52. Qxg5 (52. hxg5 {is more complex.} Qd4 53. c7 Kg8 54. Qe1 Qf4+ 55. Kh1) 52... Qxg5 {[%mdl 8192]} (52... Qd6+ $11 53. Qg3 Qd4) 53. hxg5 {[%mdl 4096] Endgame KB-KB} Kf7 54. Kg3 $2 (54. Bh3 $18 {Intending c7 and mate.} Ke7 55. Bxe6 Kxe6 56. Kg3 Ke7 57. c7 Kd7 58. Kf4 Kxc7 59. Ke5) 54... Ke7 55. Kf4 Kd6 56. Be4 Bc4 $2 {[%mdl 8192]} (56... Bf7 $11 57. c7 Kxc7) 57. Ke3 $2 (57. Bxg6 $18 Kxc6 58. Bf5) 57... Bb3 58. Kd4 Ba4 59. Bd5 {Hoping for Be4.} Bb5 $1 60. Be4 {Threatens to win with c7.} (60. Bh1 {seems wilder.} Ba4 61. Bf3 Bb5 62. Bd5 Ba4 63. Be4) 60... Ba4 61. c7 $2 {[%mdl 8192]} (61. Bf3 $11) 61... Kxc7 62. Ke5 Kd7 63. Kf6 Ke8 $1 64. Kxg6 Kf8 65. Kh6 Be8 66. Bd5 Ke7 67. Bc4 {[#]} Kf8 $1 68. Bb3 Ke7 69. Bd1 {[#]} Kf8 $1 70. Be2 Ke7 71. Bh5 {White threatens Bxe8 and mate.} Ba4 72. g6 Kf6 73. Be2 $4 {[%mdl 8192]} (73. g7 Bb3 74. Kh7) 73... Bc2 74. g7 Bb3 75. Bd3 $4 {[%mdl 8192]} (75. Kh7 Ke5 76. Bd3) 75... Bg8 76. Bh7 $4 {[%mdl 8192]} (76. Bc2 Ke5 77. Kg6) 76... Bf7 77. g8=Q $4 {[%mdl 8192]} (77. Bd3 Bg8 78. Bc2) 77... Bxg8 {[%mdl 32768] Both players deserved the win here.  Weighted Error Value: White=0.99/Black=0.45. An unexpected result.} 1/2-1/2

[Event "Chess Super League 2021"]
[Site "Online"]
[Date "2021.10.12"]
[Round "2.3"]
[White "Gomes, Mary Ann"]
[Black "Muzychuk, Anna"]
[Result "0-1"]
[WhiteElo "2354"]
[BlackElo "2533"]
[Annotator "TA"]
[PlyCount "100"]
[EventDate "2021.10.11"]
[EventType "team-tourn"]
[EventCountry "NET"]
[SourceTitle "playchess.com"]
[Source "ChessBase"]
[SourceQuality "1"]

{[%evp 13,100,-18,-19,-19,-13,-75,-92,-85,-78,-83,0,-67,-74,-141,-118,-145,-103,-140,-90,-81,-86,-171,-159,-178,-148,-144,-150,-133,-129,-161,-172,-166,-177,-187,-191,-185,-125,-160,-138,-144,-149,-197,-2,-4,-3,-91,-99,-136,-153,-171,-115,-116,-117,-160,-154,-198,-199,-204,-195,-223,-177,-201,-200,-201,-191,-205,-210,-250,-236,-233,-241,-229,-183,-180,-174,-176,-176,-298,-232,-223,-187,-191,-178,-697,-666,-786,-786,-786,-731]} 1. Nf3 g6 2. c4 Bg7 3. d4 Nf6 4. g3 d5 5. Bg2 O-O 6. O-O Nc6 7. Nc3 dxc4 8. h3 {D77: Fianchetto Grünfeld: 6 0-0: Replies other than 6...c6.} Rb8 {[#]} 9. d5 $146 (9. e4 $11 {keeps the balance.}) ({Predecessor:} 9. e4 Nd7 10. Be3 Nb6 11. Qd2 Bd7 12. Bh6 e6 13. Bxg7 Kxg7 14. Rad1 Ne7 15. Rfe1 f6 {0-1 (37) Mitic,M (2043)-Eric,J (2209) Belgrade 2016}) 9... Nb4 $17 {[%cal Rf6d5]} 10. e4 {Black is better.} Nd3 11. Be3 Nxb2 (11... c6 $17 {[%cal Rc6d5]} 12. Ne1 Nxb2) 12. Qc2 (12. Qb1 $1 $11) 12... Nd3 $15 13. Bxa7 (13. Nd2 $142) 13... Ra8 $17 14. Bd4 e6 15. Rab1 c5 16. dxc6 bxc6 17. Bb6 (17. Na4 $17 {keeps fighting.}) 17... Qe7 $19 18. Nd4 Nb4 19. Qb2 c5 {White must now prevent ...Nd7.} 20. Ndb5 Nd3 $1 {[%cal Rd3b2]} 21. Qe2 Ra6 $36 {[%mdl 2048] Black has strong initiative.} 22. Bc7 Ne8 23. Bf4 Nxf4 24. gxf4 Qh4 (24... Nf6 $19 {aiming for ...Nh5.} 25. Qxc4 Nh5) 25. Qxc4 Qxf4 26. Ne2 Qd2 27. Nbc3 Ra3 $2 (27... Ra5 $19 {Hoping for ...Ba6.} 28. Rfd1 Ba6 $1 {[%mdl 512]}) 28. Qxc5 $11 {[%mdl 64] [#] Double Attack} Qd6 $1 {[%cal Rd6c5]} 29. Qxd6 (29. Qxc8 $11 Nc7 30. Qb7 (30. e5 Bxe5 31. Qb7 Bxc3 $17) 30... Bxc3 31. Nxc3 Rxc3 32. Rfc1 Rxc1+ 33. Rxc1) 29... Nxd6 $17 30. Rfc1 Ba6 31. Rb6 Bxe2 ({Black should play} 31... Nc4 $19 32. Rb3 Ra5) 32. Nxe2 Rxa2 33. Nc3 Rd2 34. Nb1 {[#]} Rd4 35. Re1 Be5 36. Na3 Rd8 37. Nc2 Rd2 38. Ne3 h5 39. Rc6 Rb8 40. Rc2 Rxc2 41. Nxc2 Rb2 42. Ne3 Rb4 43. Nc2 Rc4 44. Re2 Kg7 45. f3 (45. Ne1 $142) 45... Bg3 46. Bf1 h4 47. Rd2 Ra4 48. Nd4 $2 (48. Rd1) 48... Bf4 $19 {Black is clearly winning.} 49. Rd3 {[#] intending Ne2.} Rxd4 {[%mdl 576] Deflection, Decoy} 50. Rxd4 Be3+ {[%mdl 64] Double Attack.  Weighted Error Value: White=0.43/Black=0.23} 0-1

[Event "Chess Super League 2021"]
[Site "Online"]
[Date "2021.10.12"]
[Round "2.3"]
[White "Salonika, Saina"]
[Black "Mrudul Dehankar"]
[Result "0-1"]
[WhiteElo "2206"]
[BlackElo "2256"]
[Annotator "NA"]
[PlyCount "82"]
[EventDate "2021.10.11"]
[EventType "team-tourn"]
[EventCountry "NET"]
[SourceTitle "playchess.com"]
[Source "ChessBase"]
[SourceQuality "1"]
[TimeControl "900+10"]

1. e4 {[%emt 0:00:12]} d5 {[%emt 0:00:16]} 2. exd5 {[%emt 0:00:06]} Nf6 {[%emt 0:00:04]} 3. d4 {[%emt 0:00:08]} Bg4 {[%emt 0:00:03]} 4. Be2 {[%emt 0:00:50]} Bxe2 {[%emt 0:00:13]} 5. Qxe2 {[%emt 0:00:35]} Qxd5 {[%emt 0:00:04]} 6. Nf3 {[%emt 0:00:03]} e6 {[%emt 0:00:38]} 7. Nc3 {[%emt 0:01:10]} Bb4 {[%emt 0:02:52]} 8. O-O {[%emt 0:00:33]} Bxc3 {[%emt 0:03:08]} 9. bxc3 {[%emt 0:00:03]} O-O {[%emt 0:00:06]} 10. c4 {[%emt 0:00:14]} Qh5 {[%emt 0:00:08]} 11. Bf4 {[%emt 0:00:26]} c6 {[%emt 0:01:24]} 12. Rab1 {[%emt 0:00:50]} b6 {[%emt 0:00:06]} 13. Qe5 {[%emt 0:03:59]} Qg6 {[%emt 0:01:15]} 14. Qc7 {[%emt 0:00:39]} Nbd7 {[%emt 0:04:57]} 15. Ne5 {[%emt 0:02:34]} Nxe5 {[%emt 0:00:08]} 16. Bxe5 {[%emt 0:00:03]} Rfc8 {[%emt 0:00:33]} 17. Qe7 {[%emt 0:00:21]} Ng4 {[%emt 0:00:17]} 18. f4 {[%emt 0:02:32]} Re8 {[%emt 0:01:30]} 19. Qg5 {[%emt 0:02:01]} f6 {[%emt 0:00:15]} 20. Qxg6 {[%emt 0:00:03]} hxg6 {[%emt 0:00:01]} 21. Bd6 {[%emt 0:00:50]} Ne3 {[%emt 0:00:02]} 22. Rf3 {[%emt 0:00:12]} Nxc4 {[%emt 0:00:02]} 23. Bb4 {[%emt 0:00:02]} a5 {[%emt 0:00:30]} 24. Be1 {[%emt 0:00:07]} Red8 {[%emt 0:00:12]} 25. c3 {[%emt 0:00:13]} b5 {[%emt 0:00:06]} 26. Rf2 {[%emt 0:00:07]} Kf7 {[%emt 0:00:04]} 27. a4 {[%emt 0:00:15]} bxa4 {[%emt 0:00:08]} 28. Ra2 {[%emt 0:00:08]} a3 {[%emt 0:00:05]} 29. Rb7+ {[%emt 0:00:06]} Kf8 {[%emt 0:00:03]} 30. Rc7 {[%emt 0:00:24]} Rdc8 {[%emt 0:00:05]} 31. Rxc8+ {[%emt 0:00:05]} Rxc8 {[%emt 0:00:01]} 32. Kf2 {[%emt 0:00:13]} Rb8 {[%emt 0:00:02]} 33. Kf3 {[%emt 0:00:01]} Rb2 {[%emt 0:00:12]} 34. Ra1 {[%emt 0:00:02]} a2 {[%emt 0:00:06]} 35. Ke4 {[%emt 0:00:06]} Na3 {[%emt 0:01:01]} 36. c4 {[%emt 0:00:18]} Nc2 {[%emt 0:00:03]} 37. Bc3 {[%emt 0:00:02]} Nxa1 {[%emt 0:00:13]} 38. Bxb2 {[%emt 0:00:03]} Nb3 {[%emt 0:00:01]} 39. Kd3 {[%emt 0:00:14]} a1=Q {[%emt 0:00:01]} 40. Bxa1 {[%emt 0:00:01]} Nxa1 {[%emt 0:00:02]} 41. Kc3 {[%emt 0:00:04]} a4 {[%emt 0:00:01]} 0-1

[Event "Chess Super League 2021"]
[Site "Online"]
[Date "2021.10.13"]
[Round "3.1"]
[White "Karjakin, Sergey"]
[Black "Radjabov, Teimour"]
[Result "1/2-1/2"]
[WhiteElo "2743"]
[BlackElo "2763"]
[Annotator "TA"]
[PlyCount "75"]
[EventDate "2021.10.11"]
[EventType "team-tourn"]
[EventCountry "NET"]
[SourceTitle "playchess.com"]
[Source "ChessBase"]
[SourceQuality "1"]

{[%evp 13,75,8,2,0,2,9,2,8,6,6,12,3,16,16,16,8,13,18,20,26,22,31,39,29,41,28,39,30,22,19,30,37,42,27,26,31,27,22,27,27,27,23,12,11,11,13,7,10,28,0,0,0,0,0,0,0,0,0,0,0,0,0,0,0]} 1. d4 Nf6 2. c4 e6 3. Nf3 d5 4. Nc3 Be7 5. Bf4 O-O 6. e3 Nbd7 7. c5 Nh5 8. Bd3 {D37: Queen's Gambit Declined: 5 Bf4.} Nxf4 9. exf4 b6 10. b4 a5 11. a3 c6 12. O-O Qc7 {[%cal Rb6c5] 12...Ba6 is the hot move.} 13. g3 Ba6 14. Bxa6 Rxa6 15. Qe2 Rfa8 {aiming for ...axb4.} 16. b5 cxb5 {[#]} 17. Nxd5 $1 exd5 18. Qxe7 {Strongly threatening Ne5.} Rc8 $1 {[%cal Rb6c5]} 19. Rab1 bxc5 20. Rxb5 Re6 21. Qg5 h6 {[#]} 22. Qf5 $146 ({Predecessor:} 22. Qxd5 Rd6 23. Qa2 Qc6 24. Qe2 cxd4 25. Rfb1 a4 26. Ne1 Nc5 27. Nd3 Nxd3 28. Qxd3 {0-1 (45) Ivanchuk,V (2731)-Kramnik,V (2784) Tromsoe 2013}) 22... Rf6 23. Qb1 Rb6 24. dxc5 Rxb5 25. Qxb5 {Black must now prevent Rc1.} Rb8 ({But not} 25... Nxc5 $2 26. Rc1 $18) 26. Qa4 {Rc1 is the strong threat.} Nxc5 27. Qd4 {[#] And now Rc1 would win.} Qd6 28. Rd1 Ne4 29. Ne5 {Threatens to win with Qxe4!} Qc7 30. Qxd5 Qc2 31. Qxf7+ Kh8 {The position is equal.} 32. Rf1 (32. Qh5 {with more complications.} Qxf2+ 33. Kh1 Qc2 34. Re1 Rb2 35. Qe8+) 32... Nd2 33. Re1 {Hoping for Kg2.} (33. f5 {is more complex.} Rb1 34. Qe8+ Kh7 35. Qg6+ Kg8 36. Qf7+) 33... Rb1 34. Ng6+ Kh7 35. Nf8+ Kh8 36. Ng6+ Kh7 37. Nf8+ Kh8 38. Ng6+ {Weighted Error Value: White=0.02/Black=0.00} 1/2-1/2